Top Winning letters (Record no. 346828)

000 -LEADER
fixed length control field 00242 a2200097 4500
090 ## - LOCALLY ASSIGNED LC-TYPE CALL NUMBER (OCLC); LOCAL CALL NUMBER (RLIN)
-- 4383
-- 4383
100 ## - MAIN ENTRY--PERSONAL NAME
Personal name Dr.P.P.Pandit
245 ## - TITLE STATEMENT
Title Top Winning letters
260 ## - PUBLICATION, DISTRIBUTION, ETC.
Place of publication, distribution, etc. Goodwill Publishing House
Name of publisher, distributor, etc. New Delhi
942 ## - ADDED ENTRY ELEMENTS (KOHA)
Institution code [OBSOLETE] NBS
Koha item type Book
Call number prefix 808.06651 PAN
Holdings
Withdrawn status Lost status Damaged status Not for loan Permanent Location Current Location Date acquired Total Checkouts Full call number Barcode Date last seen Price effective from Koha item type
        Central Library (CL) Central Library (CL) 08/28/2013   808.06651 PAN NBS1431 03/25/2024 08/28/2013 Book
© 2023 Central Library, National University of Sciences and Technology. All Rights Reserved.